[Event "Schleswig-Holstein-ch Seniors-A"]
[Site "Bad Segeberg"]
[Date "2018.03.24"]
[Round "1"]
[White "Luebeck, Stephan"]
[Black "Schwerdtfeger, Wolfgang"]
[Result "1-0"]
[WhiteElo "1957"]
[BlackElo "1774"]
[PlyCount "67"]
[EventDate "2018.03.24"]
[EventType "swiss"]
[EventRounds "9"]
[EventCountry "GER"]
[SourceTitle "EXT 2023"]
[Source "ChessBase"]
[SourceDate "2022.10.05"]
[SourceVersion "1"]
[SourceVersionDate "2022.10.05"]
[SourceQuality "1"]

1. g3 c5 2. Bg2 Nf6 3. e4 d6 4. Nc3 e6 5. Nge2 Nc6 6. 0-0 Be7 7. d4 cxd4 8. Nxd4 Nxd4 9. Qxd4 0-0 10. h3 a6 11. Be3 Bd7 12. Rfd1 Bc6 13. a4 Rc8 14. a5 Nd7 15. Qd2 Ne5 16. b3 Nd7 17. Ne2 e5 18. c4 Nc5 19. Qc2 Qe8 20. Nc3 f6 21. h4 f5 22. Bxc5 dxc5 23. exf5 Bxg2 24. Kxg2 Qh5 25. Nd5 Bd8 26. Ne3 Bc7 27. Qe4 Rfe8 28. Rd7 Bd8 29. Rad1 Bf6 30. Ng4 Bd8 31. Qd5+ Kh8 32. Rxd8 Qxf5 33. Rxe8+ Rxe8 34. Nxe5 1-0

[Event "Schleswig Holstein-ch Seniors"]
[Site "Hanerau"]
[Date "2015.04.02"]
[Round "8"]
[White "Schwerdtfeger, Wolfgang"]
[Black "Dittmann, Hans Adolf"]
[Result "0-1"]
[WhiteElo "1822"]
[BlackElo "2141"]
[PlyCount "88"]
[EventDate "2015.03.28"]
[EventType "swiss"]
[EventRounds "9"]
[EventCountry "GER"]
[SourceTitle "EXT 2018"]
[Source "ChessBase"]
[SourceDate "2017.10.13"]
[SourceVersion "1"]
[SourceVersionDate "2017.10.13"]
[SourceQuality "1"]

1. c4 Nf6 2. Nf3 g6 3. g3 Bg7 4. Bg2 0-0 5. 0-0 d6 6. d4 Nbd7 7. Bg5 c6 8. Nc3 Qb6 9. Bxf6 Nxf6 10. Qd2 Re8 11. b3 a5 12. Na4 Qa7 13. Rac1 e5 14. c5 e4 15. Ng5 d5 16. Nb6 Rb8 17. e3 h6 18. Nh3 Bf5 19. Nf4 g5 20. Ne2 Nd7 21. Na4 Ra8 22. h3 Qb8 23. f4 exf3 24. Rxf3 Be4 25. Rff1 Qc7 26. Bxe4 Rxe4 27. Nac3 Re7 28. Rf3 Rae8 29. Rcf1 Nf8 30. R1f2 Ne6 31. Nd1 g4 32. hxg4 Ng5 33. Nf4 Qd7 34. Qxa5 Qxg4 35. Kg2 h5 36. Ne2 Nxf3 37. Rxf3 h4 38. Nf2 h3+ 39. Nxh3 Rxe3 40. Neg1 Rxf3 41. Nxf3 Re2+ 42. Nf2 Bxd4 43. Qd8+ Kh7 44. Nxd4 Qxd4 0-1

[Event "Hamburg St Pauli op-B"]
[Site "Hamburg"]
[Date "2014.07.20"]
[Round "3"]
[White "Schwerdtfeger, Wolfgang"]
[Black "Klemm, Peter"]
[Result "0-1"]
[WhiteElo "1812"]
[BlackElo "1702"]
[PlyCount "84"]
[EventDate "2014.07.19"]
[EventType "swiss"]
[EventRounds "9"]
[EventCountry "GER"]
[SourceTitle "CBM 161 Extra"]
[Source "ChessBase"]
[SourceDate "2014.08.29"]
[SourceVersion "1"]
[SourceVersionDate "2014.08.29"]
[SourceQuality "1"]

1. c4 e6 2. d4 d5 3. Nf3 Nf6 4. Nc3 Bb4 5. e3 Ne4 6. Qc2 0-0 7. a3 Bxc3+ 8. bxc3 Nd7 9. Bd3 Ndf6 10. Nd2 Nxd2 11. Bxd2 Re8 12. 0-0 b6 13. cxd5 exd5 14. Bb5 Bd7 15. Bd3 c5 16. c4 Be6 17. dxc5 dxc4 18. Be2 b5 19. a4 a6 20. axb5 axb5 21. Rab1 Bd7 22. Rfd1 Qc8 23. Bc3 Bf5 24. Qb2 Bxb1 25. Bxf6 gxf6 26. Rxb1 Qxc5 27. Qxf6 Qe5 28. Qc6 Rec8 29. Qd7 Rc7 30. Qg4+ Kh8 31. Qh3 Ra1 32. Rxa1 Qxa1+ 33. Bf1 Qe5 34. f4 Qc5 35. Kf2 b4 36. Qh6 Qe7 37. Qb6 c3 38. Bd3 c2 39. Qh6 f6 40. Bxh7 Qg7 41. Qh4 c1Q 42. Bf5+ Kg8 0-1

[Event "Schleswig Holstein-ch Seniors"]
[Site "Leck"]
[Date "2014.04.12"]
[Round "1"]
[White "Lorenzen, Sven"]
[Black "Schwerdtfeger, Wolfgang"]
[Result "1/2-1/2"]
[WhiteElo "1941"]
[BlackElo "1799"]
[PlyCount "67"]
[EventDate "2014.04.12"]
[EventType "swiss"]
[EventRounds "9"]
[EventCountry "GER"]
[SourceTitle "EXT 2018"]
[Source "ChessBase"]
[SourceDate "2017.10.13"]
[SourceVersion "1"]
[SourceVersionDate "2017.10.13"]
[SourceQuality "1"]

1. e4 c5 2. Nc3 d6 3. f4 Nf6 4. Nf3 a6 5. a4 b6 6. Bc4 e6 7. d3 Bb7 8. 0-0 Be7 9. f5 d5 10. fxe6 dxc4 11. exf7+ Kf8 12. Ng5 Bc8 13. e5 Qd4+ 14. Kh1 Bg4 15. exf6 Bxd1 16. fxg7+ Kxg7 17. Ne6+ Kg6 18. Nxd4 cxd4 19. Nxd1 cxd3 20. cxd3 Nc6 21. Nf2 Kxf7 22. Bd2 Ke6 23. Rae1+ Kd7 24. Ng4 Raf8 25. Kg1 Rxf1+ 26. Kxf1 Rf8+ 27. Kg1 Rf5 28. Rf1 Rc5 29. Rc1 Rf5 30. Nh6 Rh5 31. g4 Rh3 32. Nf5 Rxd3 33. Bf4 Bc5 34. Kg2 1/2-1/2

[Event "Hamburg St Pauli op-B"]
[Site "Hamburg"]
[Date "2013.07.08"]
[Round "3"]
[White "Schwerdtfeger, Wolfgang"]
[Black "Ruhland, Cliff"]
[Result "1-0"]
[WhiteElo "1782"]
[BlackElo "1730"]
[PlyCount "97"]
[EventDate "2013.07.06"]
[EventType "swiss"]
[EventRounds "9"]
[EventCountry "GER"]
[SourceTitle "EXT 2014"]
[Source "ChessBase"]
[SourceDate "2013.11.20"]
[SourceVersion "1"]
[SourceVersionDate "2013.11.20"]
[SourceQuality "1"]

1. Nf3 Nf6 2. g3 d5 3. d4 e6 4. Bg5 h6 5. Bf4 Bd6 6. Qc1 b6 7. Bg2 Ba6 8. Ne5 Nfd7 9. Nd3 Bxf4 10. Nxf4 Qf6 11. c3 c5 12. Qe3 0-0 13. 0-0 cxd4 14. cxd4 Nc6 15. Rd1 Rac8 16. Nc3 Rfd8 17. Rac1 Nf8 18. a3 Na5 19. Ncxd5 exd5 20. Nxd5 Qd6 21. Ne7+ Kh8 22. Nxc8 Rxc8 23. Rxc8 Bxc8 24. Qe8 Be6 25. d5 Kg8 26. b4 Nc4 27. Qc6 Qxc6 28. dxc6 b5 29. Rd8 Nb6 30. c7 Bc8 31. Bc6 Ba6 32. Be4 g6 33. Bd3 Kg7 34. a4 Ne6 35. Bxb5 Bxb5 36. axb5 Nxc7 37. e4 Kf6 38. f4 Nxb5 39. Rd1 Ke6 40. Kg2 Nc3 41. Re1 Kd6 42. Re3 Nba4 43. e5+ Kd5 44. Rd3+ Ke6 45. Rd6+ Ke7 46. Ra6 Nb6 47. Rxa7+ Ke6 48. Ra6 Ncd5 49. Kf3 1-0

[Event "Hamburg St Pauli op-B"]
[Site "Hamburg"]
[Date "2013.07.06"]
[Round "1"]
[White "Schwerdtfeger, Wolfgang"]
[Black "Resa, Hans Farid"]
[Result "1/2-1/2"]
[WhiteElo "1782"]
[BlackElo "1691"]
[PlyCount "22"]
[EventDate "2013.07.06"]
[EventType "swiss"]
[EventRounds "9"]
[EventCountry "GER"]
[SourceTitle "EXT 2014"]
[Source "ChessBase"]
[SourceDate "2013.11.20"]
[SourceVersion "1"]
[SourceVersionDate "2013.11.20"]
[SourceQuality "1"]

1. c4 Nf6 2. Nc3 g6 3. Nf3 Bg7 4. g3 c6 5. e4 d5 6. e5 Nfd7 7. cxd5 Nxe5 8. d4 Nxf3+ 9. Qxf3 Bxd4 10. Bh6 cxd5 11. 0-0-0 Qb6 1/2-1/2

[Event "Hamburg St Pauli op-B"]
[Site "Hamburg"]
[Date "2011.07.15"]
[Round "8"]
[White "Xin, Ruidi"]
[Black "Schwerdtfeger, Wolfgang"]
[Result "1-0"]
[WhiteElo "1752"]
[BlackElo "1793"]
[PlyCount "67"]
[EventDate "2011.07.09"]
[EventType "swiss"]
[EventRounds "9"]
[EventCountry "GER"]
[SourceTitle "CBM 143 Extra"]
[Source "ChessBase"]
[SourceDate "2011.08.29"]
[SourceVersion "1"]
[SourceVersionDate "2011.08.29"]
[SourceQuality "1"]

1. e4 c5 2. Nf3 d6 3. Bb5+ Bd7 4. Bxd7+ Nxd7 5. 0-0 g6 6. Re1 Bg7 7. Nc3 Ngf6 8. d3 Ne5 9. Nd2 Nc6 10. f4 Qc8 11. h3 e6 12. Nc4 Qb8 13. e5 dxe5 14. fxe5 Nd7 15. Nd6+ Kf8 16. Nc4 a6 17. a4 h6 18. Bf4 Kg8 19. Ne2 b5 20. axb5 axb5 21. Rxa8 Qxa8 22. Nd6 Qa4 23. Rf1 Bxe5 24. Nxf7 Bd4+ 25. Nxd4 Qxd4+ 26. Kh1 Rh7 27. c3 Qg7 28. Bd6 Nf6 29. Qf3 Nd5 30. Qe4 Nf6 31. Qxc6 Qxf7 32. Qa8+ Qe8 33. Qxe8+ Nxe8 34. Rf8+ 1-0

[Event "Kiel op 21th"]
[Site "Kiel"]
[Date "2008.08.10"]
[Round "3"]
[White "Petri, Alexander"]
[Black "Schwerdtfeger, Wolfgang"]
[Result "1-0"]
[WhiteElo "2164"]
[BlackElo "1854"]
[PlyCount "55"]
[EventDate "2008.08.09"]
[EventType "swiss"]
[EventRounds "9"]
[EventCountry "GER"]
[SourceTitle "EXT 2009"]
[Source "ChessBase"]
[SourceDate "2008.11.26"]
[SourceVersion "1"]
[SourceVersionDate "2008.11.26"]
[SourceQuality "1"]

1. d4 d5 2. Nf3 g6 3. c4 dxc4 4. Qa4+ Nd7 5. Nc3 c6 6. Qxc4 Nb6 7. Qb3 Be6 8. Qd1 Bg7 9. e4 Bg4 10. Be3 Bxf3 11. gxf3 Nf6 12. Qb3 0-0 13. Be2 Qc7 14. 0-0-0 Nh5 15. Kb1 Nf6 16. h4 h5 17. Rhg1 Kh7 18. f4 Bh6 19. f5 Bxe3 20. fxg6+ fxg6 21. fxe3 e5 22. Rg5 exd4 23. exd4 Qf4 24. Rdg1 Nxe4 25. Nxe4 Qxe4+ 26. Bd3 Qxh4 27. Rxg6 Qd8 28. Rg7+ 1-0

[Event "Kiel op 21th"]
[Site "Kiel"]
[Date "2008.08.09"]
[Round "1"]
[White "Nagel, Bernhard"]
[Black "Schwerdtfeger, Wolfgang"]
[Result "1-0"]
[WhiteElo "2249"]
[BlackElo "1854"]
[PlyCount "69"]
[EventDate "2008.08.09"]
[EventType "swiss"]
[EventRounds "9"]
[EventCountry "GER"]
[SourceTitle "EXT 2009"]
[Source "ChessBase"]
[SourceDate "2008.11.26"]
[SourceVersion "1"]
[SourceVersionDate "2008.11.26"]
[SourceQuality "1"]

1. d4 Nf6 2. c4 e6 3. Nf3 Bb4+ 4. Bd2 Bxd2+ 5. Qxd2 Ne4 6. Qc2 d5 7. Nc3 Nxc3 8. bxc3 0-0 9. e4 dxe4 10. Qxe4 c5 11. Bd3 f5 12. Qe3 Nc6 13. 0-0 h6 14. Rac1 cxd4 15. cxd4 Qf6 16. Rfd1 Bd7 17. Bb1 Rad8 18. d5 exd5 19. cxd5 Nb4 20. a3 Na6 21. Qxa7 Qb2 22. Qe3 Ba4 23. Qe6+ Kh8 24. Re1 Rde8 25. Qd6 Rf6 26. Qf4 Rxe1+ 27. Rxe1 Qxa3 28. h4 Nc5 29. h5 Na6 30. Qe5 Nc5 31. Nh4 Nd3 32. Qb8+ Kh7 33. Ng6 Rxg6 34. hxg6+ Kxg6 35. Qg3+ 1-0

[Event "Schleswig Holstein-ch cand 63rd"]
[Site "Gross Groenau"]
[Date "2008.03.18"]
[Round "5"]
[White "Schwerdtfeger, Wolfgang"]
[Black "Kemeny, Matthias"]
[Result "0-1"]
[WhiteElo "1791"]
[BlackElo "1972"]
[PlyCount "52"]
[EventDate "2008.03.15"]
[EventType "swiss"]
[EventRounds "9"]
[EventCountry "GER"]
[SourceTitle "EXT 2010"]
[Source "ChessBase"]
[SourceDate "2010.11.25"]
[SourceVersion "1"]
[SourceVersionDate "2010.11.25"]
[SourceQuality "1"]

1. d4 Nf6 2. c4 g6 3. Nc3 d5 4. e3 Bg7 5. Qb3 dxc4 6. Bxc4 0-0 7. Nf3 Nc6 8. Bd3 Rb8 9. Ne4 Bg4 10. Nxf6+ Bxf6 11. Be4 Qd6 12. Bd2 Rfd8 13. 0-0 e5 14. d5 Ne7 15. Bb4 Qd7 16. Bxe7 Qxe7 17. h3 Bxf3 18. Bxf3 e4 19. Be2 Qe5 20. Rab1 Rxd5 21. Bc4 Rd7 22. Rbd1 Re7 23. Rd2 b5 24. Rfd1 Rb6 25. Rd5 bxc4 26. Rxe5 cxb3 0-1

[Event "Bielefeld Gr6"]
[Site "Bielefeld"]
[Date "2006.06.03"]
[Round "3"]
[White "Kissing, Bastian"]
[Black "Schwerdtfeger, Wolfgang"]
[Result "1/2-1/2"]
[WhiteElo "1636"]
[BlackElo "1620"]
[PlyCount "52"]
[EventDate "2006.06.02"]
[EventType "tourn"]
[EventRounds "7"]
[EventCountry "GER"]
[SourceTitle "EXT 2007"]
[Source "ChessBase"]
[SourceDate "2006.11.23"]
[SourceVersion "1"]
[SourceVersionDate "2006.11.23"]
[SourceQuality "1"]

1. e4 c5 2. Nf3 d6 3. d4 cxd4 4. Nxd4 Nf6 5. Nc3 a6 6. Be3 e6 7. f3 Be7 8. Qd2 b5 9. 0-0-0 Bb7 10. g4 Nc6 11. g5 Nd7 12. h4 Qa5 13. Nb3 Qc7 14. Be2 Na5 15. Kb1 Nxb3 16. cxb3 Rc8 17. Rc1 Qb8 18. h5 b4 19. Na4 Rxc1+ 20. Rxc1 d5 21. exd5 Bxd5 22. Qc2 0-0 23. Qc7 Rd8 24. Nb6 Nxb6 25. Bxb6 Qxc7 26. Bxc7 Ra8 1/2-1/2

[Event "Hamburg Junge op"]
[Site "Hamburg"]
[Date "2005.10.08"]
[Round "8"]
[White "Schwerdtfeger, Wolfgang"]
[Black "Schmidtgall, Boris"]
[Result "0-1"]
[WhiteElo "1888"]
[BlackElo "2093"]
[PlyCount "152"]
[EventDate "2005.10.01"]
[EventType "swiss"]
[EventRounds "9"]
[EventCountry "GER"]
[SourceTitle "CBM 108 Extra"]
[Source "ChessBase"]
[SourceDate "2005.11.04"]
[SourceVersion "1"]
[SourceVersionDate "2005.11.04"]
[SourceQuality "1"]

1. d4 f5 2. c4 Nf6 3. Nc3 g6 4. g3 Bg7 5. Bg2 0-0 6. Nh3 d6 7. d5 a5 8. Nf4 Na6 9. Be3 Qe8 10. 0-0 h6 11. h3 g5 12. Nd3 Qh5 13. Bc1 f4 14. e3 fxg3 15. Qxh5 Nxh5 16. f3 Bf5 17. e4 Bd4+ 18. Kh1 Bd7 19. f4 Nb4 20. Nxb4 axb4 21. Ne2 Bc5 22. Bf3 Bxh3 23. Bg2 Bg4 24. Bf3 Bh3 25. Bg2 g4 26. f5 Kg7 27. a3 bxa3 28. bxa3 Ra4 29. Bb2+ Kh7 30. Rfc1 Be3 31. Rc3 Bf2 32. Rac1 b6 33. Rb3 Bc5 34. Rcc3 Rfa8 35. Bc1 Bxg2+ 36. Kxg2 Bf2 37. Bf4 R8a5 38. Bxg3 Bxg3 39. Nxg3 Nxg3 40. Kxg3 h5 41. Kf4 Kh6 42. e5 Rxd5 43. Rb4 Rxb4 44. axb4 Rxe5 45. Ra3 Re1 46. Ra7 c5 47. b5 Rf1+ 48. Kg3 Rf3+ 49. Kg2 Re3 50. Rb7 Kg5 51. Rxb6 Kxf5 52. Rb8 Rb3 53. Rf8+ Kg5 54. Rf7 Rb2+ 55. Rf2 Rb4 56. Rf7 Rxc4 57. Rxe7 Rc2+ 58. Kf1 Rb2 59. Rb7 c4 60. b6 c3 61. Rc7 Rxb6 62. Rxc3 Rb5 63. Rc2 Rb3 64. Rd2 Rf3+ 65. Kg2 Rf6 66. Kg3 h4+ 67. Kg2 h3+ 68. Kg1 Kh4 69. Rd5 Rg6 70. Kh1 g3 71. Kg1 Re6 72. Rd4+ Kg5 73. Rd5+ Re5 74. Rd1 Kg4 75. Rd4+ Kf3 76. Kf1 g2+ 0-1

[Event "Hamburg Junge op"]
[Site "Hamburg"]
[Date "2005.10.07"]
[Round "7"]
[White "Oud, Niek"]
[Black "Schwerdtfeger, Wolfgang"]
[Result "1/2-1/2"]
[WhiteElo "2110"]
[BlackElo "1888"]
[PlyCount "134"]
[EventDate "2005.10.01"]
[EventType "swiss"]
[EventRounds "9"]
[EventCountry "GER"]
[SourceTitle "CBM 108 Extra"]
[Source "ChessBase"]
[SourceDate "2005.11.04"]
[SourceVersion "1"]
[SourceVersionDate "2005.11.04"]
[SourceQuality "1"]

1. d4 Nf6 2. c4 g6 3. Nc3 d5 4. cxd5 Nxd5 5. e4 Nxc3 6. bxc3 Bg7 7. Bc4 0-0 8. Ne2 c5 9. Be3 cxd4 10. cxd4 Nc6 11. 0-0 Na5 12. Bd3 e6 13. Rc1 b6 14. Qd2 Bb7 15. Bh6 Rc8 16. Bxg7 Kxg7 17. Qf4 Qf6 18. Qg3 Kh8 19. h4 Nc6 20. e5 Qe7 21. Rfd1 Nb4 22. Bb1 Nd5 23. h5 gxh5 24. Qh3 Qg5 25. Be4 Rxc1 26. Nxc1 Nf4 27. Qf3 Bxe4 28. Qxe4 Nd5 29. Ne2 Qg4 30. Qxg4 hxg4 31. Rc1 Kg7 32. Ng3 Kg6 33. Ne4 h6 34. Nd6 Rb8 35. g3 b5 36. Rc5 a6 37. Kg2 Ra8 38. f3 gxf3+ 39. Kxf3 Ra7 40. Rc6 Nb4 41. Rc3 Nd5 42. Rc6 b4 43. Rc8 a5 44. Rg8+ Kh7 45. Rb8 Nc3 46. Nb5 Rd7 47. Ke3 Nxa2 48. Ra8 Nc3 49. Nxc3 bxc3 50. Rxa5 Rb7 51. Rc5 Rb3 52. Kf4 Kg6 53. g4 Rb4 54. Ke4 Rb1 55. Rxc3 Kg5 56. Rf3 Re1+ 57. Kd3 Kg6 58. Rf6+ Kg7 59. Rf4 Rg1 60. Ke3 Rg3+ 61. Kf2 Ra3 62. Ke2 Rc3 63. Kf2 Rc7 64. Rf6 Rd7 65. Ke3 Ra7 66. Ke2 Ra1 67. Kf2 Rb1 1/2-1/2

[Event "Hamburg Junge op"]
[Site "Hamburg"]
[Date "2005.10.03"]
[Round "3"]
[White "Graffenberger, Wilhelm"]
[Black "Schwerdtfeger, Wolfgang"]
[Result "0-1"]
[WhiteElo "1762"]
[BlackElo "1888"]
[PlyCount "118"]
[EventDate "2005.10.01"]
[EventType "swiss"]
[EventRounds "9"]
[EventCountry "GER"]
[SourceTitle "CBM 108 Extra"]
[Source "ChessBase"]
[SourceDate "2005.11.04"]
[SourceVersion "1"]
[SourceVersionDate "2005.11.04"]
[SourceQuality "1"]

1. c4 c5 2. g3 g6 3. Nc3 Bg7 4. Bg2 Nf6 5. e4 Nc6 6. Nge2 0-0 7. d3 d6 8. 0-0 Bd7 9. Be3 Qc8 10. Qd2 Ng4 11. Rab1 Nxe3 12. fxe3 Bh3 13. Nf4 Bxg2 14. Qxg2 e6 15. Nce2 Ne5 16. b3 Nc6 17. a3 a5 18. Qf2 Qd8 19. d4 cxd4 20. exd4 e5 21. dxe5 Bxe5 22. Nd5 Rb8 23. Kh1 b5 24. cxb5 Rxb5 25. Nf6+ Bxf6 26. Qxf6 Re5 27. Qxd8 Rxd8 28. Nc3 Ne7 29. Rbd1 Rc5 30. Nd5 Nxd5 31. Rxd5 Rxd5 32. exd5 Rb8 33. Rf3 Kg7 34. g4 Rb5 35. Rd3 Kf6 36. Rf3+ Kg7 37. Rd3 h6 38. h4 Kf6 39. Rf3+ Ke5 40. Rxf7 Rxb3 41. h5 gxh5 42. Rf5+ Ke4 43. Rxh5 Rxa3 44. Rxh6 Kxd5 45. Kg2 Re3 46. g5 a4 47. g6 Re5 48. Kf3 Rg5 49. Kf4 Rg1 50. Kf5 a3 51. Rh2 Rf1+ 52. Kg5 Rg1+ 53. Kh6 Kc4 54. Kh7 Kb3 55. g7 a2 56. Rh3+ Kb2 57. Rh6 a1Q 58. Rxd6 Rh1+ 59. Rh6 Qb1+ 0-1